000 004290000a22001690004500
003 MACL
005 20160112153015.0
008 160112b xxu||||| |||| 00| 0 eng d
040 _aMACL
_cMACL
041 _aEnglish
082 _a920/TSC
100 _aTschudi, Clara
_931473
245 _aAugusta Empress of Germany
260 _bSwan Sonnenschein & Co
_c1900
_aLondon
650 _aBiography
_931474
942 _cBK
_k920/TSC
_2ddc
999 _c37490
_d37490